| 000 | 00443 a2200169 4500 | ||
|---|---|---|---|
| 005 | 20260313115742.0 | ||
| 008 | 260313b |||||||| |||| 00| 0 eng d | ||
| 020 | _a9788197729461 | ||
| 040 | _cSDCL | ||
| 041 |
_2eng _aeng |
||
| 084 | _aVv R4 | ||
| 100 | _aChaturvedi, Heramb | ||
| 245 | _aEvolution of modern Indian historiography | ||
| 260 |
_aNew Delhi : _bResearch India Press, _c2024. |
||
| 300 | _axiii, 402p. | ||
| 942 |
_cTEXL _2CC |
||
| 999 |
_c1532261 _d1532261 |
||